000 00842cam a22002053a 4500
001 44567
003 PGUSA
005 20140828084022.0
008 140102s2014||||xxu|||||s|||||000 | eng d
040 _aPGUSA
_beng
042 _adc
100 1 _aAccum, Fredrick
245 1 2 _aA Practical Treatise on Gas-light :
_bExhibiting a Summary Description of the Apparatus and Machinery Best Calculated for Illuminating Streets, Houses, and Manufactories, with Carburetted Hydrogen, or Coal-Gas, with Remarks on the Utility, Safety, and General Nature of this new Branch of Civil Economy.
_h[electronic resource] /
_cFredrick Accum
260 _bProject Gutenberg,
_c2014
506 _aPublic domain in the USA.
516 _aElectronic text
830 0 _aProject Gutenberg
_v44567
856 4 0 _uhttp://www.gutenberg.org/ebooks/44567
942 _cEB
999 _c273818
_d273818